000
00350nam a2200133Ia 4500
008
151001s9999||||xx |||||||||||||| ||und||
100
_a
शर्मा फाटक
245
_a
जीव विकास कि कहानी
250
_a
1
260
_b
अपराजिता
260
_c
2004
300
_a
48
365
_b
24
999
_c
984862
_d
984859